| LEADER 00000nam 2200000uu 4500 |
| 001 39267 |
| 003 ULIBM |
| 008 020711s2568 th a 000 0 tha d |
| 060 วจ.WM 171 ท364ค |
| 100 ทัศไนย วงศ์สุวรรณ |
| 245 ความแตกต่างของลักษณะคำตอบในแบบทดสอบรอส์ชาคระหว่างโรคซึมเศร้าแลพโรคอารมณ์สองขั้ว=The differences between Major depressive disorder and Bipolar affective disorder on Rorschach testing/ทัศไนย วงศ์สุวรรณ |
| 250 พิมพ์ครั้งที่ 1 |
| 260 อุบลราชธานี :^bโรงพยาบาลพระศรีมหาโพธิ์,^c2568 |
| 300 99 หน้า ;^c30 ซม. |
| 650 โรคซึมเศร้า -- การวินิจฉัย |
| 650 โรคอารมณ์สองขั้ว -- การวินิจฉัย |
| 650 แบบทดสอบรอส์ชาค |
| 650 การทดสอบทางจิตวิทยา |
| 650 Major Depressive Disorder -- diagnosis |
| 650 Bipolar Disorder -- diagnosis |
| 650 Rorschach Test |
| 650 Projective Techniques |
| 650 Psychological Tests |
| 700 อุ้งฟ้าวดี วงศ์อนันต์ |